000 00786nam a2200253Ia 4500
003 OSt
005 20220930062445.0
006 a|||||r|||| 00| 0
007 ta
008 220926b |||||||| |||| 00| 0 eng d
024 _a1134
037 _cTheses
040 _aCRL
_cCRL
_beng
041 _2eng
_aeng
100 _aIqbal M J
_9521248
110 _aUniversity of Delhi. Faculty of Medical Science. Department of Surgery
_9520100
245 0 _aUrea production related to intra peritoneal inflammation
260 _c1977
650 _aSURGERY
700 _a Dr L R Pathak Supervisor
_9520989
700 _aUniversity of Delhi. Faculty of Medical Science. Department of Surgery
_9520102
942 _cDIS
_2CC
999 _c855547
_d855547